| 000 | 01095nam a2200301Ia 4500 | ||
|---|---|---|---|
| 001 | 15050 | ||
| 003 | IT-RoPAU | ||
| 008 | 130308s9999 xx 000 0 und d | ||
| 040 | _aIT-RoPAU | ||
| 040 | _cIT-RoPAU | ||
| 041 | _aITALIANO | ||
| 100 | _aCalonghi Luigi | ||
| 100 | _gCodice Aut. SPICS: 8584 | ||
| 245 | _aSperimentazione nella scuola (La)-Appunti e spunti operativi | ||
| 245 | _bSperimentazione nella Scuola (La)-Appunti e Spunti Operativi | ||
| 250 | _a1a ed. | ||
| 260 | _aROMA | ||
| 260 | _bUniversita' Pontificia Salesiana | ||
| 260 | _c1976 [1° Ed.:1976 - Ed.Ling.Originale:1976] | ||
| 300 | _a"178 p. (prefazione: no ; testo: 178)" | ||
| 500 | _aSperimentazione e rinnovamento Richieste della Sperimentazione e Sue Difficoltà Semplificazioni Possibili Descrizione delle Situazioni Valutazione dei Risultati progettazione e Descrizione degli Esperimenti Momenti nell'Attuazione di una Ricerca Lettura Critica di Ricercatori | ||
| 650 | _aSTATISTICA | ||
| 650 | _eCodice materia Spics: 2501 | ||
| 942 | _cBK | ||
| 957 | _71 | ||
| 999 |
_c65236 _d65236 |
||
| 999 | _bSI | ||
| 999 | _g1 | ||